Southville International School and Colleges
Your cart is empty.
  • Cart
  • Lists
    Public lists Eva Luna New books Lux_list list_1
    Your lists Log in to create your own lists
  • Log in to your account
  • Your cookies
  • Search history
Southville International School and Colleges
  • Advanced search
  • Recent comments
  • Most popular
  • Libraries

Log in to your account

Log in with GOOGLE


If you do not have an external account, but do have a local account, you can still log in:

  1. Home
  2. MARC view: Ripley's coral colony creatures /
Normal view MARC view ISBD view

Ripley's coral colony creatures / (Record no. 110280)

[ view plain ]
MARC details
000 -LEADER
fixed length control field 00579nam a2200205 a 4500
001 - CONTROL NUMBER
control field 0241
005 - DATE AND TIME OF LATEST TRANSACTION
control field 20140414131853.0
008 - FIXED-LENGTH DATA ELEMENTS--GENERAL INFORMATION
fixed length control field 040902s19uu xx 00 eng d
020 ## - INTERNATIONAL STANDARD BOOK NUMBER
International Standard Book Number 0-439-34272-4
050 ## - LIBRARY OF CONGRESS CALL NUMBER
Classification number M 592
Item number P41 2001
100 ## - MAIN ENTRY--PERSONAL NAME
Personal name Perrine, Doug
245 ## - TITLE STATEMENT
Title Ripley's coral colony creatures /
Statement of responsibility, etc Doug Perrine.
260 ## - PUBLICATION, DISTRIBUTION, ETC. (IMPRINT)
Place of publication, distribution, etc New York :
Name of publisher, distributor, etc Scholastic,
Date of publication, distribution, etc 2001.
300 ## - PHYSICAL DESCRIPTION
Extent 60 p. : ill. ; cm.
520 ## - SUMMARY, ETC.
Summary, etc The wonder of ocean invertebrates revealed through facts and photos.
650 ## - SUBJECT ADDED ENTRY--TOPICAL TERM
Topical term or geographic name as entry element Invertebrates.
650 ## - SUBJECT ADDED ENTRY--TOPICAL TERM
Topical term or geographic name as entry element Corals.
Holdings
Withdrawn status Lost status Damaged status Use restrictions Home library Current library Shelving location Date acquired Source of acquisition Total Checkouts Full call number Barcode Date last seen Price effective from Koha item type
        Munich Library Munich Library Main Section 09/02/2004     M 592 P41 2001 M0624 04/14/2014 04/14/2014 Books
        Munich Library Munich Library Main Section 09/02/2004     M 592 P41 2001 M0455 04/14/2014 04/14/2014 Books

Ripley's coral colony creatures /

APA

Perrine D., . (2001). Ripley's coral colony creatures. New York: Scholastic.

Chicago

Perrine Doug, . 2001. Ripley's coral colony creatures. New York: Scholastic.

Harvard

Perrine D., . (2001). Ripley's coral colony creatures. New York: Scholastic.

MLA

Perrine Doug, . Ripley's coral colony creatures. New York: Scholastic. 2001.

  • Place hold
  • Print
  • Cite
  • Add to your cart (remove)
  • Save record
    BIBTEX Dublin Core MARCXML MARC (non-Unicode/MARC-8) MARC (Unicode/UTF-8) MARC (Unicode/UTF-8, Standard) MODS (XML) RIS
  • More searches
    Search for this title in:
    Other Libraries (WorldCat) Other Databases (Google Scholar) Online Stores (Bookfinder.com) Open Library (openlibrary.org)

Exporting to Dublin Core...

SOUTHVILLE LIBRARY

Southville International School and Colleges Library

1281 Tropical Ave. Cor. Luxembourg St., BF Homes International, Las Pinas City

Tel. No. 8256374 / 252358 Loc. 117/146

Powered by Koha